MARC

LEADER 00000nam a22000007a 4500
001 24721
003 AGDB
005 20260324181538.0
008 251029b -us||||| |||| 00| 0 eng d
041 |a eng 
100 |a Marcus, Margaret Fairbanks  |9 72720 
245 |a Flower painting /  |c text by Margaret Fairbanks Marcus 
250 |a Portfolio edition 
260 |a New York :  |b Harry N. Abrams ,  |c cop. 1953 
300 |a 24 pàg. :  |b il. col. ,  |c 33 cm 
490 |a The library of great painters 
500 |a Prové del fons Joan Junyer i Pascual (1909-1994) 
650 |a Fons Joan Junyer i Pascual (1909-1994)  |9 72777 
650 0 |a Pintura i il·lustració de flors  |9 72721 
942 |2 udc  |c ARXIU  |n 1 
952 |0 0  |1 0  |4 0  |6 F504158  |7 1  |9 98578  |a Arxiu  |b Arxiu  |d 2025-10-29  |l 0  |o F-504-158  |p 24721  |r 2025-10-29 13:41:11  |w 2025-10-29  |y ARXIU 
999 |c 130327  |d 130327